Biblioteca y Centro de Documentación

Vista normal Vista MARC

Entrada Título Uniforme

Número de registros utilizados en: 21

001 - NÚMERO DE CONTROL

  • Campo de control: 34365

003 - IDENTIFICADOR DE NÚMERO DE CONTROL

  • Campo de control: ES-MaCES

005 - FECHA Y HORA DE LA ULTIMA MODIFICACION

  • Campo de control: 20080422112200.0

008 - ELEMENTOS DE DATOS DE LONGITUD FIJA

  • Campo de longitud fija: 080422 | azznnaabn |n ana d

035 ## - NÚMERO DE CONTROL DEL SISTEMA

  • Número de control del sistema: CES20080000213t

040 ## - FUENTE DE LA CATALOGACIÓN

  • Agencia original de catalogación: ES-MaCES
  • Idioma de catalogación: spa
  • Agencia de transcripción: ES-MaCES

130 #0 - ENCABEZAMIENTO--TÍTULO UNIFORME

  • Título uniforme: Tratado de Lisboa
  • Fecha de la firma del tratado: 2007

670 ## - FUENTE DE DATOS ENCONTRADOS

  • Fuente de citación: CD del CES
  • Información encontrada: : firmado el 13 de diciembre de 2007, firmado en Lisboa, por el se que se modifican los actuales Tratados de la Unión Europea y de la Comunidad Europea (el Tratado de la Unión Europea (TUE) y el Tratado de Funcionamiento de la Unión Europea (TFUE)). Firmado el 13 de dic. de 2007 por los jefes de Estado y de Gobierno de los 27 miembros de la UE

901 ## - CES. DATOS SIRTEX

  • ID Sirtex (N5N8): 0002300002731
  • 005BIS Sirtex: 200804221121ALORITE
© CES, Consejo Económico y Social de España 2021